Escola d'Arts i Oficis : ensenyament d'adults : curs 1989-90 ensenyament d'adults :
Descripción Física:
[12] p. ; 26 cm
MARC
| LEADER | 00000nam a2200000Ia 4500 | ||
|---|---|---|---|
| 001 | 14821 | ||
| 003 | BGR | ||
| 005 | 20260324175254.0 | ||
| 008 | 160829s9999 xx 000 0 cat d | ||
| 080 | |a FU-31-17 | ||
| 110 | 2 | |a Escola d'Arts i Oficis (Barcelona, Catalunya) |9 55874 | |
| 245 | |a Escola d'Arts i Oficis : |b ensenyament d'adults : |b curs 1989-90 | ||
| 260 | |a [Barcelona] : |b l'Escola : |b Diputació de Barcelona, DL 1989 | ||
| 300 | |a [12] p. ; |c 26 cm | ||
| 610 | 2 | 0 | |a Escola d'Arts i Oficis (Barcelona, Catalunya) |v Currículums |9 55875 |
| 650 | 0 | |a Educació d'adults |9 31513 | |
| 710 | 1 | |a Barcelona (Catalunya : Província). |b Diputació |9 52408 | |
| 901 | |a Arxiu | ||
| 942 | |n 1 |2 udc |c MON | ||
| 952 | |0 0 |1 0 |4 0 |6 FU3117 |7 1 |9 43068 |a Arxiu |b Arxiu |d 2016-12-01 |l 0 |o FU-31-17 |p 14821 |r 2016-12-01 00:00:00 |w 2016-12-01 |y ARXIU | ||
| 999 | |c 45612 |d 45612 | ||